LEADER 01262nam a2200241 i 4500 001 000000166683 003 CaOOAMICUS 005 20071210000000.0 008 071210s1963 it u000 u ita u 013 $a144052 040 $aSeMil$bita 100 1 $aGallarati Scotti, Tommaso,$d<1878-1966>.$0(OLS)http://semarc/name/35356 245 10$aIdee e orientamenti politici e religiosi al comando supremo :$bappunti e ricordi /$cTommaso Gallarati Scotti. 260 $aRoma :$bCinque Lune,$c1963. 300 $a9 p. ;$c21 cm. 500 $aSul verso del front. : Comunicazione presentata al Convegno tenuto a Spoleto il 7-8-9 settembre 1962 sul tema: Benedetto 15., i cattolici e la prima guerra mondiale. - Estratto dal vol. degli atti del Convegno. 600 04$aBenedetto XV .$0(OLS)http://semarc/subject/2398 650 4$aGuerra mondiale <1914-1918> - Cattolici.$0(OLS)http://semarc/subject/26856 850 $aSeMil 852 $aSeMil$W1$xVenegono$y1$m5D VII 16/12$j117846$B117846$CSeMilBibl$Z2$F129820 $81 961 $aRecupero: Altro 996 $6245$aIdee e orientamenti politici e religiosi al comando supremo :$bappunti e ricordi$9(OLS)http://semarc/title/238244 996 $6260$aRoma :$bCinque Lune$9(OLS)http://semarc/publisher/31289 LEADER 00971nam a2200241 i 4500 001 000000077720 003 CaOOAMICUS 005 20230823090205.0 008 060120s2005 gw u000 u ger u 020 $a3-7887-0788-7 040 $aSeMil$bita 100 1 $aKoch, Klaus,$d<1926- >.$0(OLS)http://semarc/name/7096 245 10$aDan 1-4 /$cKlaus Koch. 300 $aVIII, 463 p. 490 0 $aBiblischer Kommentar. Altes Testament ;$v22./1 773 0 $aKoch, Klaus <1926- >$tDaniel.$dNeukirchen-Vluyn : Neukirchener, 1986.$kBiblischer Kommentar. Altes Testament$g1$w()15254 830 0$aBiblischer Kommentar. Altes Testament ;$v22/1.$0(OLS)http://semarc/title/46819 850 $aSeMil 852 $aSeMil$W1$xVenegono$y1$m2XA AA 22/1$j243181$B43872$CSeMilBibl$Z2$F43170 $81 961 $aSottoscrizione: Neukirchener 996 $6020$a3-7887-0788-7$9(OLS)http://semarc/number/59624 996 $6245$aDan 1-4$9(OLS)http://semarc/title/126261